In Pharaos Staat : Festschrift fur Rolf Gundlach zum 75. Geburtstag /

محفوظ في:

مؤلفون آخرون: Gundlach, Rolf., Brockelmann, Dirk., Klug, Andrea.

التنسيق: كتاب

اللغة: German

منشور في: Wiesbaden : Harrassowitz, 2006.

الموضوعات:

الوسوم: إضافة وسم

لا توجد وسوم, كن أول من يضع وسما على هذه التسجيلة!

رقم الطلب: DT60 .I574

LEADER 00933cam a22002894a 4500
001 ocm84611292
003 OCoLC
005 20240118082120.0
008 070216s2006 gw a b 010 0 ger c
010 |a  2007413267 
020 |a 9783447054980  |q (hd. bd.) 
020 |a 3447054980  |q (hd. bd.) 
043 |a f-ua--- 
050 4 |a DT60  |b .I574 
245 0 0 |a In Pharaos Staat :  |b Festschrift fur Rolf Gundlach zum 75. Geburtstag /  |c herausgegeben von Dirk Brockelmann und Andrea Klug. 
264 1 |a Wiesbaden :  |b Harrassowitz,  |c 2006. 
300 |a vi, 298 pages :  |b illustrations ;  |c 25 cm 
336 |a text  |b txt  |2 rdacontent 
337 |a unmediated  |b n  |2 rdamedia 
338 |a volume  |b nc  |2 rdacarrier 
504 |a Includes bibliographical references. 
651 0 |a Egypt  |x Antiquities. 
651 0 |a Egypt  |x History  |y To 640 A.D. 
700 1 |a Gundlach, Rolf. 
700 1 |a Brockelmann, Dirk. 
700 1 |a Klug, Andrea. 
999 |c 55505  |d 55505